Normal view
MARC view
Entry Personal Name
001 - CONTROL NUMBER
- control field: 728679
003 - CONTROL NUMBER IDENTIFIER
- control field: OSt
005 - DATE AND TIME OF LATEST TRANSACTION
- control field: 20241129115925.0
008 - FIXED-LENGTH DATA ELEMENTS
- fixed length control field: 241129|| aca||aabn | a|a d
040 ## - CATALOGING SOURCE
- Original cataloging agency: OSt
- Transcribing agency: OSt
100 ## - HEADING--PERSONAL NAME
- Personal name: Malik Praveen Kumar Ed
670 ## - SOURCE DATA FOUND
- Source citation: Work cat.: (OSt)1232595: Malik Praveen Kumar Ed., Planar antennas : Design and applications, 2022
